LEADER 01092nam a2200277 a 4500 001 000000128406 003 CaOOAMICUS 005 20120419114153.0 008 120419m99992011it u000 u ita r 020 $a978-88-01-04842-1 040 $aPUL$bita 082 04$a255 245 00$aDocumenti sulla vita consacrata :$b1996-2010 /$cRaccolti da Gian Franco Poli. 260 $aLeumann (TO) :$bElledici,$c2011. 300 $av. ;$c19 cm. 500 $aInclude indice. 650 4$aVita consacrata.$0(OLS)http://pul/subject/13125 700 1 $aPoli, Gian Franco,$csac.,$d1948-$0(OLS)http://pul/name/32394 850 $aPUL 852 $aPUL$W1$xSL Religione 3$y85$m255 POLGI 1$j148728$av. 3$qDDC 21$B147247$CPULBib$Z2$F147247 $H118873 $82 941 1 $a9 996 $6020$a978-88-01-04842-1$9(OLS)http://pul/number/149431 996 $6082$a255$9(OLS)http://pul/classification/616 996 $6245$aDocumenti sulla vita consacrata :$b1996-2010$9(OLS)http://pul/title/162276 996 $6260$aLeumann (TO) :$bElledici$9(OLS)http://pul/publisher/79122 LEADER 01400cam a22003134a 4500 001 000000118620 003 CaOOAMICUS 005 20091207092743.0 008 091207s2008 it b 000 0 ita r 020 $a978-88-420-6258-5 040 $aPUL$bita$dReb 041 1 $aita$heng 100 1 $aBauman, Zygmunt,$d1925-2017.$0(OLS)http://pul/name/31901 240 10$aGlobalization : the human consequences$lItaliano.$0(OLS)http://pul/title/149267 245 10$aDentro la globalizzazione :$ble conseguenze sulle persone /$cZygmunt Bauman ; traduzione di Oliviero Pesce. 250 $a11 ed. 260 $aRoma ;$aBari :$bLaterza,$cİ2008. 300 $a152 p. ;$c21 cm. 490 1 $aEconomica Laterza ;$v211 504 $aBibliografia e note p. [141]-147. 650 4$aGlobalizzazione (sociologia).$0(OLS)http://pul/subject/33702 700 1 $aPesce, Oliviero.$0(OLS)http://pul/name/74098 830 0$aEconomica Laterza ;$v211.$0(OLS)http://pul/title/39309 850 $aPUL 852 $aPUL$W1$xSL Diritto e Scienze Sociali 3$y79$m303. 4 BAUZY 4$j136099$qDDC 21$B135087$CPULBib$Z2$F135087 $H111781 $82 941 1 $a9 996 $6020$a978-88-420-6258-5$9(OLS)http://pul/number/142696 996 $6245$aDentro la globalizzazione :$ble conseguenze sulle persone$9(OLS)http://pul/title/149266 996 $6260$aRoma ;$aBari :$bLaterza$9(OLS)http://pul/publisher/57682